Stochastic approximation and recursive algorithms and applications

Αποθηκεύτηκε σε:
Λεπτομέρειες βιβλιογραφικής εγγραφής
Κύριος συγγραφέας: Kushner, Harold J. (Harold Joseph) 1933-
Άλλοι συγγραφείς: Yin, George 1954-
Μορφή: Βιβλίο
Γλώσσα:English
Δημοσίευση: New York : Springer, c2003
Έκδοση:2η εκδ.
Σειρά:Applications of mathematics ; ; 35
Θέματα:
Ετικέτες: Προσθήκη ετικέτας
Δεν υπάρχουν, Καταχωρήστε ετικέτα πρώτοι!

MARC

LEADER 00000nam a2200000 i 4500
001 1/49269
008 070726s2003 eng d
020 |a 0-387-00894-2 
035 |l 10089141 
040 |a GR-MY-UA  |b gre  |e aacr 
041 0 |a eng 
082 0 |a 519.2  |2 (21) 
100 1 |a Kushner, Harold J.  |q (Harold Joseph)  |d 1933- 
245 1 0 |a Stochastic approximation and recursive algorithms and applications /  |c Harold J. Kushner, G. george Yin 
250 |a 2η εκδ. 
260 |a New York :   |b Springer,   |c c2003 
300 |a xxii, 474 σ.;  |b εικ.;  |c 25 εκ. 
490 1 |a Applications of mathematics  |v ; 35 
500 |a Rev. ed. of: Stochastic approximation algorithms and application. c1997 
504 |a Βιβλιογραφία: σ.[443]-463. Ευρετήρια 
650 0 0 |a Stochastic approximation. 
650 0 0 |a Recursive functions. 
650 0 0 |a Algorithms. 
700 1 |a Yin, George  |d 1954- 
830 0 |a Applications of mathematics ;  |v ; 35 
852 |a INST  |b SAMOS  |e 20070726  |h 519.2 KUS  |p 005300025798  |q 005300025798  |t BK  |y 0 
901 |a BIBL3-2007-2 
909 |a Σ  |b 135803 
922 |a 3ΕΛΗ  |b 200706  |c ΕΠΕΑΕΚ2/ΤΣΑΕ  |d ΕΛΕΥΘΕΡΟΥΔΑΚΗΣ 
970 |a ΚΟΣΙΕΡΗΣ  |b ΧΡΗΣΤΟΣ  |z 2007/07/26